16 categories of desire

Zapisane w:
Opis bibliograficzny
1. autor: Douglas Glover
Format: Książka
Język:Undetermined
Wydane: New Brunswick Goose Lane 2000
Hasła przedmiotowe:
Etykiety: Dodaj etykietę
Nie ma etykietki, Dołącz pierwszą etykiete!
Thư viện lưu trữ: Trung tâm Học liệu Trường Đại học Cần Thơ
LEADER 00427nam a2200157Ia 4500
001 CTU_56145
008 210402s9999 xx 000 0 und d
082 |a 813.54 
082 |b G566 
100 |a Douglas Glover 
245 0 |a 16 categories of desire 
260 |a New Brunswick 
260 |b Goose Lane 
260 |c 2000 
650 |a Literature - Canadian ( English ) 
980 |a Trung tâm Học liệu Trường Đại học Cần Thơ